000 00517nam a2200169 i 4500
001 98113
003 ES-MaACL
005 20230906182222.0
007 t|
008 050726s1966 xxu ||||1| eng d
100 1 _aMarquand, John Phillips.
_976970
245 1 0 _aWickford Point /
_cby John Phillips Marquand; with a new introduction by Edward Wecks.
260 _aNew York :
_bTime Reading Pragram,
_c1966.
300 _aXVII p., 437 p. ;
_c21 cm.
700 1 _aWecks, Edward.
_9116278
852 _aES-MaACL
_jC-50520
999 _c98113
_d98113